000 00899nam a22003017a 4500
001 BR0601381
003 BR-BrBNA
005 20230928102114.0
007 ta
008 230509b bl.||||| |||| 00| 0 por d
040 _aBR-BrBNA
_bpor
_cBiblioteca Nacional de Agricultura
041 _a(Por)
072 _aF30; F01
_b0120
090 _ 0120 BR0601381
100 1 _aSteola, A.G.
110 1 _aUniversidade Federal de Lavras, MG (Brasil)
_0Tese (Mestrado)
245 1 _aSeleção de progênies S1 de milho em diferentes densidades de semeadura
260 3 _aLavras, MG (Brasil):
_c2005.
300 _a59 p.
500 _aSummaries (Eng, Por); Bibliography p. 48-56; 18 tables
650 _aMILHO
650 _aDENSIDADE DE SEMEADURA
650 _aMELHORAMENTO GENÉTICO VEGETAL
650 _aPROGENIE
650 _aENDOGAMIA
909 _a202309
_bLucia
_c55
_dLucia Elande
942 _cBK
999 _c69165
_d69165